Morales de fables de La Fontaine - Statistiques

Statistiques générales
  • Ce quiz a été pris 122 fois
  • Le résultat moyen est 7 sur 15
Statistiques - réponses
Question Réponse % Correct
Vous chantiez ? j’en suis fort aise. Eh bien ! dansez maintenant. La Cigale et la Fourmi
100%
Je plie, et ne romps pas Le Chêne et le Roseau
83%
Aide-toi, le Ciel t’aidera. Le charretier embourbé
72%
Selon que vous serez puissant ou misérable Les jugements de Cour vous rendront blanc ou noir. Les animaux malades de la peste
61%
Patience et longueur de temps Font plus que force ni que rage. Le Lion et le Rat
56%
Car c’est double plaisir de tromper le trompeur. Le Coq et le Renard
44%
Il n’est pas malaisé de tromper un trompeur L'enfouisseur et son compère
44%
Garde-toi, tant que tu vivras, De juger des gens sur la mine. Le Coche, le Chat et le Souriceau
39%
Deux sûretés valent mieux qu’une ; Et le trop en cela ne fut jamais perdu. Le loup, la chèvre et le chevreau
39%
En toute chose il faut considérer la fin. Le Renard et le Bouc
39%
de quoi ne vient à bout L’esprit joint au désir de plaire ? Les Dieux voulant instruire un fils de Jupiter
39%
Rien ne pèse tant qu’un secret ; L'enfant et le maître d'école
28%
On se voit d’un autre œil qu’on ne voit son prochain. La Besace
22%
A l’œuvre on connait l’artisan Les frelons et les mouches à miel
22%
Il n’est pas toujours bon d’avoir un haut Emploi Les deux mulets
11%
Aucun quiz correspondant
Distribution des résultats
% des personnes avec chaque résultat
Percentile par nombre de réponses
Votre historique - résultats
Vous n’avez pas pris ce quiz